Angličtina : praktická obchodní korespondence
Saved in:
| Main Author | |
|---|---|
| Format | Book |
| Language | Czech English |
| Published |
Praha :
Grada,
2013
|
| Edition | 1. vyd. |
| Series | Velmi lehce
|
| Subjects | |
| ISBN | 9788024746005 |
| Physical Description | xv, 152 s. : il. ; 21 cm |
| LEADER | 00000cam a2200000 a 4500 | ||
|---|---|---|---|
| 001 | 68529 | ||
| 003 | CZ-ZlUTB | ||
| 005 | 20240829152459.0 | ||
| 007 | ta | ||
| 008 | 130830s2013 xr a e f 001 0 cze | ||
| 015 | |a cnb002485639 | ||
| 020 | |a 9788024746005 |q (brož.) | ||
| 040 | |a OLA001 |b cze |d ZLD002 | ||
| 041 | 1 | |a cze |a eng |h eng | |
| 072 | 7 | |a 005.91:82-6 |x Úřední korespondence |2 Konspekt |9 4 | |
| 072 | 7 | |a 811.111 |x Angličtina |2 Konspekt |9 11 | |
| 080 | |a 811.111 |2 MRF | ||
| 080 | |a 005.91:82-6 |2 MRF | ||
| 080 | |a 316.776 |2 MRF | ||
| 080 | |a [005.91:82-6]-025.13 |2 MRF | ||
| 080 | |a 81'373.46 |2 MRF | ||
| 080 | |a (035) |2 MRF | ||
| 100 | 1 | |a Al-Maskari, Khaled Mohamed, |d 1972- |7 ola2013786377 |4 aut | |
| 245 | 1 | 0 | |a Angličtina : |b praktická obchodní korespondence / |c Khaled Mohamed Al Maskari ; [překlad Magdalena Břenková] |
| 250 | |a 1. vyd. | ||
| 260 | |a Praha : |b Grada, |c 2013 | ||
| 300 | |a xv, 152 s. : |b il. ; |c 21 cm | ||
| 490 | 1 | |a Velmi lehce | |
| 500 | |a Přeloženo z angličtiny | ||
| 504 | |a Obsahuje bibliografii a rejstřík | ||
| 650 | 0 | 7 | |a angličtina |7 ph114056 |2 czenas |
| 650 | 0 | 7 | |a obchodní korespondence |7 ph115515 |2 czenas |
| 650 | 0 | 7 | |a obchodní komunikace |7 ph123556 |2 czenas |
| 650 | 0 | 7 | |a vzorové dopisy |7 ph139316 |2 czenas |
| 650 | 0 | 7 | |a oborová terminologie |7 ph138998 |2 czenas |
| 650 | 0 | 9 | |a English language |2 eczenas |
| 650 | 0 | 9 | |a commercial correspondence |2 eczenas |
| 650 | 0 | 9 | |a communication in business |2 eczenas |
| 650 | 0 | 9 | |a form letters |2 eczenas |
| 650 | 0 | 9 | |a terminology (professional) |2 eczenas |
| 655 | 7 | |a příručky |7 fd133209 |2 czenas | |
| 655 | 9 | |a handbooks, manuals, etc |2 eczenas | |
| 765 | 0 | |t Practical guide to business writing |9 Česky | |
| 830 | 0 | |a Velmi lehce | |
| 910 | |a ZLD002 | ||
| 928 | 1 | |a Grada Publishing | |
| 952 | |0 0 |1 0 |4 0 |6 8020ALMASKARIKM |7 0 |8 BOOK |9 124248 |a UTBZL |b UTBZL |c 030 |d 2013-10-31 |l 0 |o 802.0/AL-MASKARI,K.M. |p 420010150579 |r 2019-08-26 00:00:00 |v 249.00 |w 2019-08-26 |x N:nákup; |y 05 | ||
| 952 | |0 0 |1 0 |4 0 |6 8020ALMASKARIKM |7 0 |8 BOOK |9 124249 |a UTBZL |b UTBZL |c 006 |d 2013-10-31 |l 8 |o 802.0/AL-MASKARI,K.M. |p 420010150580 |r 2019-08-26 00:00:00 |v 249.00 |w 2019-08-26 |x N:nákup; |y 04 | ||
| 992 | |a BK |b SK |d 8 | ||
| 901 | |b 9788024746005 |f 1. vyd. |o 20131014 | ||
| 998 | |a 002485639 | ||
| 999 | |c 68529 |d 68529 | ||